LEADER 01139nam a2200253 i 4500 001 000000143990 003 CaOOAMICUS 005 20100401000000.0 008 100401s2010 it u000 u ita u 013 $a119348 020 $a978-88-307-1892-0 040 $aSeMil$bita 100 1 $aManfredi, Angelo <1965- >.$0(OLS)http://semarc/name/90761 245 10$aGuido Maria Conforti :$b1865-1931 /$cAngelo Manfredi ; presentazione di Luciano Monari. 260 $aBologna :$bEditrice Missionaria Italiana,$c2010. 300 $a734 p. :$bill. ;$c25 cm. 600 14$aConforti, Guido Maria .$0(OLS)http://semarc/subject/10557 700 1 $aMonari, Luciano .$0(OLS)http://semarc/name/38698 850 $aSeMil 852 $aSeMil$W1$xVenegono$y1$m3E V 294$j96989$B96989$CSeMilBibl$Z2$F104521 $81 961 $aOmaggio per recensione: Scuola Cattolica 996 $6020$a978-88-307-1892-0$9(OLS)http://semarc/number/132401 996 $6245$aGuido Maria Conforti :$b1865-1931$9(OLS)http://semarc/title/210643 996 $6260$aBologna :$bEditrice Missionaria Italiana$9(OLS)http://semarc/publisher/32722 LEADER 01266nam a2200277 4500 001 000000332604 003 CaOOAMICUS 005 20190226110806.0 008 190226s1969 it a 000 u ita r 040 $aSeMil$bita 100 1 $aKárolyi, Ottó.$0(OLS)http://semarc/name/109060 240 10$aIntroducing music.$0(OLS)http://semarc/title/421621 245 13$aLa grammatica della musica :$bla teoria, le forme e gli strumenti musicali /$cOttó Károlyi ; a cura di Giorgio Pestelli. 250 $a8. ed 264 1$aTorino :$bEinaudi,$c1969. 300 $a239 p. :$bill. ;$c18 cm 490 1 $aPiccola biblioteca Einaudi ;$v119 650 4$aMusica - Saggi.$0(OLS)http://semarc/subject/31684 650 4$aMusica - Manuali.$0(OLS)http://semarc/subject/16405 700 1 $aPestelli, Giorgio <1938->.$0(OLS)http://semarc/name/27415 830 0$aPiccola biblioteca Einaudi ;$v119.$0(OLS)http://semarc/title/11221 850 $aSeMil 852 $aSeMil$W1$xVenegono$y1$m3Q I 151$j213160$B224688$CSeMilBibl$Z2$F224688 $81 996 $6245$aLa grammatica della musica :$bla teoria, le forme e gli strumenti musicali$9(OLS)http://semarc/title/421622 996 $6264$aTorino :$bEinaudi$9(OLS)http://semarc/publisher/29884